Visualizzazione normale
Vista MARC
- Kordeusz Tomasz
di Personal Name
Records bibliografici associati: 1
001 - CONTROL NUMBER
- control field: 24742
003 - CONTROL NUMBER IDENTIFIER
- control field: IT-RoPau
005 - DATE AND TIME OF LATEST TRANSACTION
- control field: 20140512221400.0
008 - FIXED-LENGTH DATA ELEMENTS
- fixed length control field: 140512|| aca||aabn | a|a d
040 ## - CATALOGING SOURCE
- Original cataloging agency: IT-RoPau
- Transcribing agency: IT-RoPau
100 ## - HEADING--PERSONAL NAME
- Personal name: Kordeusz Tomasz
- Miscellaneous information: Codice Autore Testo/Musica SPICS: 25520
- Relator term: Autore testo e musica
670 ## - SOURCE DATA FOUND
- Source citation: Work cat.: (IT-RoPau)101719: Maliszewski Aleksander 24739, Tancz Dla Mnie Tancz (Lp Arston)